Các nhân tố ảnh hưởng đến tỷ lệ duy trì hợp đồng của khách hàng tại Công ty trách nhiệm hữu hạn bảo hiểm nhân thọ Cathay Việt Nam – Chi nhánh Cần Thơ : Luận văn tốt nghiệp Cao học. Chuyên ngành Tài chính - Ngân hàng

Nghiên cứu phân tích tìm ra nguyên nhân ảnh hưởng đến tỷ lệ duy trì hợp đồng của khách hàng khi tham gia bảo hiểm nhân thọ. Qua kết quả phân tích, đánh giá, kết luận, đề xuất ra những giải pháp để giúp cho Công ty có chiến lược kinh doanh t...

ver descrição completa

Na minha lista:
Detalhes bibliográficos
Autor principal: Nguyễn, Thanh Tùng
Formato: Livro
Idioma:Undetermined
Publicado em: Cần Thơ Trường Đại học Cần Thơ 2019
Assuntos:
Tags: Adicionar Tag
Sem tags, seja o primeiro a adicionar uma tag!
Thư viện lưu trữ: Trung tâm Học liệu Trường Đại học Cần Thơ
LEADER 01405nam a2200217Ia 4500
001 CTU_231855
008 210402s9999 xx 000 0 und d
082 |a 658.834 
082 |b T513 
088 |a 8340201 
100 |a Nguyễn, Thanh Tùng 
245 0 |a Các nhân tố ảnh hưởng đến tỷ lệ duy trì hợp đồng của khách hàng tại Công ty trách nhiệm hữu hạn bảo hiểm nhân thọ Cathay Việt Nam – Chi nhánh Cần Thơ : 
245 0 |b Luận văn tốt nghiệp Cao học. Chuyên ngành Tài chính - Ngân hàng 
245 0 |c Nguyễn Thanh Tùng ; Trần Ái Kết (Cán bộ hướng dẫn) 
260 |a Cần Thơ 
260 |b Trường Đại học Cần Thơ 
260 |c 2019 
520 |a Nghiên cứu phân tích tìm ra nguyên nhân ảnh hưởng đến tỷ lệ duy trì hợp đồng của khách hàng khi tham gia bảo hiểm nhân thọ. Qua kết quả phân tích, đánh giá, kết luận, đề xuất ra những giải pháp để giúp cho Công ty có chiến lược kinh doanh tốt hơn phù hợp với nhu cầu của người dân. 
650 |a Consumer behavior,Hành vi người tiêu dùng 
910 |b nthai 
980 |a Trung tâm Học liệu Trường Đại học Cần Thơ